Sports Mascot Blitz II Quiz Stats

 Plays Quiz Updated Jun 24, 2017

Support Sporcle.
Go Orange.
Score 0/16 Timer 01:30
0 Plays Today
% Correct
Hugo the Hornet
90.2%
Big Red
88.4%
Stuff the Magic Dragon
86.7%
Blades the Bruin
84.9%
Captain Fear
82.4%
Swinging Friar
81.7%
Mick E. Moose
81.2%
Lou Seal
80.3%
% Correct
Rumble the Bison
78.8%
Bernie Brewer
78%
Pirate Parrot
76.2%
Wildwing
66.3%
Clutch the Bear
66.2%
Billy Buffalo
64.7%
T-Rac
55.5%
Spartacat
35.3%

You're not logged in!

Compare scores with friends on all Sporcle quizzes.
OR
Log In
Forgot?

From the Vault

Which of the Two... Products

by Purple_Parrot

If you remember the commercial but not the brand...we question the effectiveness of the marketing.
Remove Ads.
Support Sporcle.
Get the best of Sporcle when you Go Orange. This ad-free experience offers more features, more stats, and more fun while also helping to support Sporcle. Thank you for becoming a member.

Show Comments

Extras

Top Quizzes Today


Score Distribution

Your Account Isn't Verified!

In order to create a playlist on Sporcle, you need to verify the email address you used during registration. Go to your Sporcle Settings to finish the process.

Report this User

Report this user for behavior that violates our Community Guidelines.

Details: